| 000 | 00355nam a22001337a 4500 | ||
|---|---|---|---|
| 020 | _qHB. | ||
| 040 | _cFIZZA ISHAQ | ||
| 082 |
_a691.02942 _bDRU |
||
| 100 |
_aSPIEGEL,ROSS MEADOWS DRU. _990187 |
||
| 245 |
_aGREEN BUILDING MATERIALS A GUIDE TO PRODUCT / _cDRU MEADOWS ROSS SPIEGEL. |
||
| 260 |
_aCANADA ; _c1999. |
||
| 300 | _a322 P. ; | ||
| 942 |
_2ddc _cBK |
||
| 999 |
_c588550 _d588550 |
||